Влияние параметров ионной имплантации и направления приложения нагрузки на поведение поверхностно-упрочнённых образцов стали 40Х13 при трёхточечном изгибе; Современные техника и технологии; Т. 2

Библиографические подробности
Источник:Современные техника и технологии: X Юбилейная международная научно-практическая конференция студентов, аспирантов и молодых ученых, посвященная 400-летию г. Томска, Томск, 29 марта - 2 апреля 2004 г./ Томский политехнический университет.— , 2004
Т. 2.— 2004.— С. 103-104
Другие авторы: Яндюк М. А., Панин С. В. Сергей Викторович, Белый А. В., Кукареко В. А.
Язык:русский
Опубликовано: 2004
Предметы:
Формат: Статья
Запись в KOHA:https://koha.lib.tpu.ru/cgi-bin/koha/opac-detail.pl?biblionumber=183337

MARC

LEADER 00000naa2a2200000 4500
001 183337
005 20251205144040.0
035 |a (RuTPU)RU\TPU\book\198748 
090 |a 183337 
100 |a 20100714d2004 k y0rusy50 ca 
101 0 |a rus 
102 |a RU 
200 1 |a Влияние параметров ионной имплантации и направления приложения нагрузки на поведение поверхностно-упрочнённых образцов стали 40Х13 при трёхточечном изгибе  |f М. А. Яндюк [и др.] 
320 |a Библиогр.: 1 назв. 
461 1 |0 (RuTPU)RU\TPU\book\66154  |t Современные техника и технологии  |o X Юбилейная международная научно-практическая конференция студентов, аспирантов и молодых ученых, посвященная 400-летию г. Томска, Томск, 29 марта - 2 апреля 2004 г.  |o труды  |f Томский политехнический университет  |d 2004 
463 0 |0 (RuTPU)RU\TPU\book\65883  |t Т. 2  |v С. 103-104  |d 2004 
610 1 |a сталь 
610 1 |a поверхностное упрочнение 
610 1 |a ионная имплантация 
610 1 |a износостойкость 
610 1 |a ионное легирование 
610 1 |a атомы азота 
610 1 |a поверхности 
610 1 |a изображения 
610 1 |a изгиб 
610 1 |a труды учёных ТПУ 
701 1 |a Яндюк  |b М. А. 
701 1 |a Панин  |b С. В.  |c специалист в области материаловедения  |c профессор Томского политехнического университета, доктор технических наук  |f 1971-  |g Сергей Викторович  |3 (RuTPU)RU\TPU\pers\26548  |9 12237 
701 1 |a Белый  |b А. В. 
701 1 |a Кукареко  |b В. А. 
801 1 |a RU  |b 63413507  |c 20100714 
801 2 |a RU  |b 63413507  |c 20140326  |g RCR 
942 |c BK